[Event "Debrecen"]
[Site "Debrecen"]
[Date "1989.??.??"]
[Round "?"]
[White "Csom, Istvan"]
[Black "Hector, Jonny"]
[Result "0-1"]
[WhiteElo "2545"]
[BlackElo "2485"]

1.Nf3 d5 2.g3 c6 3.Bg2 Bg4 4.b3 Nd7 5.Bb2 Ngf6 6.O-O Qb8 7.d4 e6 8.Nbd2 a5
9.a3 Be7 10.Re1 Bf5 11.Nh4 h5 12.c4 Be4 13.Nhf3 h4 14.Qc1 Ng4 15.Nf1 hxg3
16.hxg3 Ndf6 17.c5 Bd8 18.Ne5 Bxg2 19.Kxg2 Nxe5 20.dxe5 Nd7 21.Qc3 Bc7 22.f4 g5
23.e4 gxf4 24.gxf4 Qa7 25.b4 O-O-O 26.exd5 exd5 27.Ng3 Qa6 28.Rad1 Rh4 29.Bc1 Rg8
30.Qd3 Rhg4 31.Re3 Rxf4 32.b5 Qxb5 33.Qxb5 cxb5 34.Rxd5 Rc4 35.Bd2 Rxc5 36.Rxc5 Nxc5
37.Kf3 Nd7 38.Nf5 Kb8 39.Nd6 Nxe5+ 40.Rxe5 Bxd6 41.Rxb5 Rg3+ 42.Ke4 a4 43.Rd5 Rg6
44.Bc1 Kc7 45.Rf5 f6 46.Kd5 Rg1 47.Be3 Rd1+ 48.Kc4 Bxa3 49.Kb5 Rb1+ 50.Kxa4 Be7
51.Rf2 b5+ 52.Ka5 Kb7  0-1

[Event "DEN-ch"]
[Site "DEN"]
[Date "1989.??.??"]
[Round "?"]
[White "Jacobsen, Bo"]
[Black "Jelling, Erik"]
[Result "1-0"]
[WhiteElo "2290"]
[BlackElo "2340"]

1.g3 d5 2.Nf3 Nf6 3.Bg2 e6 4.b3 Be7 5.O-O O-O 6.c4 b6 7.Bb2 Bb7 8.e3 a5 9.Nc3 Nbd7
10.Qc2 Qb8 11.Rac1 Rd8 12.Rfd1 dxc4 13.bxc4 Nc5 14.d4 Nce4 15.d5 exd5 16.Nxd5 Nxd5
17.cxd5 Nc5 18.Nd4 Re8 19.Nf5 f6 20.Qc4 Kh8 21.d6 Bf8 22.d7 Rd8 23.Qf7 Bxg2
24.Nh6 Bd6 25.Qg8+  1-0

[Event "DEN-chT8990"]
[Site "DEN"]
[Date "1989.??.??"]
[Round "4"]
[White "Ost Hansen, Jacob"]
[Black "Poulsen, Allan"]
[Result "1-0"]
[WhiteElo "2425"]
[BlackElo "2305"]

1.g3 d5 2.Nf3 c5 3.Bg2 Nc6 4.O-O e5 5.d3 f6 6.c4 d4 7.e3 Bd6 8.Nbd2 Nge7
9.Ne4 Bg4 10.exd4 Nxd4 11.Qa4+ b5 12.Qd1 f5 13.Nxd6+ Qxd6 14.Be3 O-O 15.Bxd4 exd4
16.cxb5 Rab8 17.Qb3+ Kh8 18.Ng5 Bh5 19.Rfe1 h6 20.Qe6 Nc8 21.Qxd6 Nxd6 22.Ne6 Rfc8
23.a4 c4 24.dxc4 Rxc4 25.Bd5 d3 26.Bxc4 Nxc4 27.b3 Nd2 28.Nf4 Nf3+ 29.Kf1 d2
30.Reb1 Bg4 31.h3 Bxh3+ 32.Nxh3 g5 33.Ke2 g4 34.Ng1 Re8+ 35.Kd3 Rd8+ 36.Kc3 Ng5
37.Rf1 Ne4+ 38.Kc2 Rc8+ 39.Kb2 f4 40.gxf4 h5 41.f3 Nc5  1-0

[Event "DEN-chT8990"]
[Site "DEN"]
[Date "1989.??.??"]
[Round "6"]
[White "Jacobsen, Bo"]
[Black "Hamann, Svend"]
[Result "1/2-1/2"]
[WhiteElo "2290"]
[BlackElo "2395"]

1.g3 d5 2.Nf3 Nf6 3.Bg2 c6 4.d3 Bg4 5.Nbd2 Nbd7 6.h3 Bxf3 7.Nxf3 e6 8.O-O Bc5
9.b3 O-O 10.c3 a5 11.a3 Re8 12.Qc2 Qc7 13.Bb2 Bb6 14.c4 e5 15.e3 dxc4 16.Qxc4 Rad8
17.b4 h6 18.Rfd1 axb4 19.axb4 e4 20.dxe4 Nxe4 21.Rd3 Ndf6 22.Rad1 Rxd3 23.Rxd3 Nd6
24.Qb3 Qe7 25.Ne5 Qe6 26.Qxe6 Rxe6 27.Nf3 Nd5 28.Rb3 Nb5 29.Bf1 Re4 30.Bxb5 cxb5
31.Nd4 Bxd4 32.Bxd4 Re6 33.f3 f5 34.g4 g6 35.gxf5 gxf5 36.Kf2 Kf7 37.Rd3 Ra6
38.Bc5 Ke6 39.e4 Nf4 40.Rd8 fxe4 41.fxe4 Ke5 42.Ke3 Nxh3 43.Rd5+ Ke6  1/2-1/2

[Event "Dieren op"]
[Site "Dieren"]
[Date "1989.??.??"]
[Round "2"]
[White "Vogel, Jaap"]
[Black "Van de Oudeweetering, Arthur"]
[Result "1/2-1/2"]
[WhiteElo "2280"]
[BlackElo "2315"]

1.Nf3 d5 2.g3 c6 3.Bg2 Bg4 4.b3 Nd7 5.c4 e6 6.Bb2 Ngf6 7.O-O Bd6 8.d4 Qc7
9.Nc3 Rd8 10.Rc1 Qb8 11.Qd3 Bf5 12.Qe3 O-O 13.Nh4 Bg4 14.h3 Bh5 15.Na4 Rfe8
16.f4 Rc8 17.Nf3 dxc4 18.bxc4 c5 19.Rfd1  1/2-1/2

[Event "Dortmund op"]
[Site "Dortmund"]
[Date "1989.??.??"]
[Round "3"]
[White "Ninov, Kiril"]
[Black "Serrer, Christoph"]
[Result "1-0"]
[WhiteElo "2490"]
[BlackElo "2265"]

1.Nf3 d5 2.g3 c6 3.Bg2 Nf6 4.c4 Bf5 5.O-O e6 6.cxd5 exd5 7.d3 Be7 8.Nd4 Bc8
9.Nc3 c5 10.Nb3 Be6 11.Bg5 Nbd7 12.e4 d4 13.Ne2 Qb6 14.Qc2 O-O 15.Nd2 Rac8
16.b3 h6 17.Bxf6 Nxf6 18.Nf4 Nd7 19.Nxe6 Qxe6 20.f4 b5 21.a4 a6 22.Ra2 Nb6
23.axb5 axb5 24.Ra6 Rc6 25.Rfa1 Rfc8 26.Qd1 c4 27.bxc4 bxc4 28.e5 c3 29.Bxc6 Rxc6
30.Nf3 c2 31.Qc1 Qb3 32.Ne1 Bb4 33.Rxb6 Rxb6 34.Qxc2 Qe6 35.Nf3 Bc3 36.Ra8+ Kh7
37.Ra2 Qc6 38.Kf2 Qb7 39.Qe2 Qd7 40.Qe4+ g6 41.Kg2 Kg7 42.Re2 Qa4 43.g4 Qd1
44.f5 Rb1 45.e6 Qf1+ 46.Kg3 Ba5 47.Qe5+ Kh7  1-0

[Event "Dortmund op"]
[Site "Dortmund"]
[Date "1989.??.??"]
[Round "6"]
[White "Kirov, Nino"]
[Black "Priehoda, Vitezslav"]
[Result "1/2-1/2"]
[WhiteElo "2470"]
[BlackElo "2365"]

1.Nf3 d5 2.g3 Nf6 3.Bg2 Bf5 4.c4 c6 5.cxd5 cxd5 6.Qb3 Qd7 7.d3 Nc6 8.Bf4 e6
9.O-O Be7 10.Nc3 O-O 11.Ne5 Nxe5 12.Bxe5 Ng4 13.Bf4 d4 14.Qb5 e5 15.Qxd7 Bxd7
16.Nd5 Bd6 17.Bd2 Rac8 18.Rfc1 Be6 19.a3 Rfd8 20.Bb4 Bxb4 21.axb4 Rxc1+ 22.Rxc1 Kf8
23.Nc7 Bd7 24.Bxb7 Rb8 25.Bc6 Bxc6 26.Rxc6 Rxb4 27.Nd5 Rb8 28.b4 Ke8 29.h3 Nh6
30.Rc5 Kd7 31.g4  1/2-1/2

[Event "Dortmund op"]
[Site "Dortmund"]
[Date "1989.??.??"]
[Round "9"]
[White "Martinovic, Slobodan"]
[Black "Prandstetter, Eduard"]
[Result "1-0"]
[WhiteElo "2445"]
[BlackElo "2415"]

1.Nf3 d5 2.g3 Nf6 3.Bg2 e6 4.O-O Be7 5.d3 O-O 6.Nbd2 c5 7.e4 Nc6 8.e5 Nd7
9.Re1 b5 10.Nf1 Qc7 11.Bf4 a5 12.h4 Ba6 13.N1h2 Rfc8 14.Ng5 h6 15.Nxf7 Kxf7
16.Bxd5 Nf8 17.Be4 Ke8 18.Qh5+ g6 19.Qxh6 Bb7 20.c3 Nd8 21.Ng4 Bxe4 22.Rxe4 Kd7
23.a4 bxa4 24.Raxa4 Rcb8 25.Bc1 Kc8 26.d4 Nc6 27.dxc5 Qd7 28.Nf6 Qd1+ 29.Kg2 Ra7
30.Qf4 Kb7 31.Be3 Rd8 32.Qg4 Kc7 33.Ne8+ Kb8 34.Qxd1 Rxd1 35.Nd6 Rb1 36.Ra2 Nd7
37.Bd4 Bxd6 38.exd6 Rb7 39.Rxe6 R1xb2 40.Ra4 R7b5 41.Rxg6 Nxc5 42.Rc4 Nxd4
43.Rxd4 Nd7 44.Rg7 Rb7 45.h5 R2b6 46.h6 Nf6 47.h7 Nxh7 48.d7  1-0

[Event "Espoo zt"]
[Site "Espoo"]
[Date "1989.??.??"]
[Round "?"]
[White "Karlsson, Lars"]
[Black "Petursson, Margeir"]
[Result "0-1"]
[WhiteElo "2510"]
[BlackElo "2590"]

1.Nf3 d5 2.g3 c6 3.Bg2 Bg4 4.O-O Nd7 5.d3 Ngf6 6.c4 dxc4 7.dxc4 g6 8.Nd4 Nc5
9.h3 Bd7 10.b4 Ne6 11.Nxe6 Bxe6 12.b5 Bg7 13.bxc6 bxc6 14.Bb2 O-O 15.Qa4 Qc8
16.Rc1 Bxh3 17.Qxc6 Bxg2 18.Qxc8 Rfxc8 19.Kxg2 Rab8 20.Be5 Ne4 21.Bxg7 Kxg7
22.f3 Nd6 23.Na3 Rb4 24.Rab1 Ra4 25.Rb3 Rc5 26.Kf2 h5 27.Rd1 f5 28.Nb5 Nxc4
29.Rd7 Kf6 30.Rxa7 Rxa7 31.Nxa7 Ra5 32.Nc6 Rxa2 33.Rb7 e5 34.Nd8 Ra6 35.f4 Nd6
36.Rd7 Ne4+ 37.Kg2 g5 38.Rf7+ Kg6 39.fxe5 Ra2 40.e6 Rxe2+ 41.Kf3 Nc3  0-1

[Event "Espoo op"]
[Site "Espoo"]
[Date "1989.??.??"]
[Round "3"]
[White "Valkesalmi, Kimmo"]
[Black "Nei, Iivo"]
[Result "1-0"]
[WhiteElo "2410"]
[BlackElo "2440"]

1.Nf3 d5 2.g3 Nf6 3.Bg2 e6 4.O-O Be7 5.d3 c5 6.Nbd2 O-O 7.e4 Nc6 8.Re1 Kh8
9.h4 Rb8 10.e5 Ng8 11.Nf1 b5 12.Bf4 b4 13.Ne3 a5 14.Ng5 h6 15.Nf3 a4 16.a3 bxa3
17.bxa3 Nd4 18.h5 Nxf3+ 19.Bxf3 Bd7 20.c4 d4 21.Nf1 Rb3 22.Qe2 Qc7 23.Nd2 Rb2
24.Reb1 Rfb8 25.Qd1 Bc6 26.Bxc6 Qxc6 27.Rxb2 Rxb2 28.Rb1 Qb7 29.Rxb2 Qxb2
30.Qxa4 g5 31.hxg6 fxg6 32.Qb3 Qc1+ 33.Nf1 Qe1 34.a4 g5 35.Bd2 Qxe5 36.a5 Qd6
37.Qb7 Bd8 38.a6  1-0

[Event "FRA-chT"]
[Site "?"]
[Date "1989.??.??"]
[Round "?"]
[White "Ivkov, Borislav"]
[Black "Preissmann, Emmanuel"]
[Result "1/2-1/2"]
[WhiteElo "2460"]
[BlackElo "2310"]

1.Nf3 d5 2.g3 g6 3.Bg2 Bg7 4.d3 e5 5.O-O Ne7 6.e4 dxe4 7.dxe4 Qxd1 8.Rxd1 Be6
9.Be3 h6 10.a4 Nd7 11.Na3 a6 12.Nd2 Nc6 13.c3 Ke7 14.b4 h5 15.Bf1 Bh6 16.Bxh6 Rxh6
17.Nac4 h4 18.Ne3 hxg3 19.hxg3 Nf6 20.Bg2 Rd8 21.Ndc4 Bxc4 22.Nxc4 Rxd1+
23.Rxd1 Rh8 24.b5 axb5 25.axb5 Na7 26.b6 cxb6 27.Nxe5 Rc8 28.c4 Rc5 29.f4 Nc6
30.Nxc6+ bxc6 31.e5 Ng4 32.Rd6 Ne3 33.Rxc6 Rxc6 34.Bxc6 Nxc4 35.Kf2 g5 36.Bb5 Na3
37.Bd3 gxf4 38.gxf4 f6 39.exf6+ Kxf6 40.Ke3 b5  1/2-1/2

[Event "FRA-chT"]
[Site "?"]
[Date "1989.??.??"]
[Round "?"]
[White "Neiman, Emmanuel"]
[Black "Dubois, Jean Marie"]
[Result "1/2-1/2"]
[WhiteElo "2240"]
[BlackElo "2305"]

1.Nf3 d5 2.g3 g6 3.Bg2 Bg7 4.O-O Nf6 5.d3 O-O 6.Nbd2 Nc6 7.c4 e6 8.Rb1 Nd7
9.b4 Nde5 10.Qc2 Nxf3+ 11.Nxf3 dxc4 12.Qxc4 e5 13.Bg5 Qd6 14.b5 Nb8 15.Be3 Be6
16.Qc2 Rc8 17.Ng5 Bd5 18.Bc5 Qd8 19.Ne4 a6 20.a4 axb5 21.axb5 Ra2 22.Qd1 Nd7
23.Be3 Rca8 24.Bh3 R2a3 25.Qc2 f5 26.Nc3 Bf7 27.Bc1 Ra1 28.Rxa1 Rxa1 29.Bg2 Nc5
30.Be3 Rxf1+ 31.Bxf1 Qd6 32.Bg2  1/2-1/2

[Event "FRA-chT"]
[Site "?"]
[Date "1989.??.??"]
[Round "?"]
[White "Steczkowski, Kazimierz"]
[Black "Schwicker, Francois"]
[Result "1/2-1/2"]
[WhiteElo "2330"]
[BlackElo "2240"]

1.Nf3 d5 2.g3 c5 3.Bg2 Nc6 4.d4 e6 5.O-O Nf6 6.c4 dxc4 7.Qa4 Bd7 8.Qxc4 cxd4
9.Nxd4 Rc8 10.Nc3 Nxd4 11.Qxd4 Bc5 12.Qh4 Bc6 13.Bg5 Qd4 14.e4 h6 15.Rad1 Qe5
16.Bf4 Qh5 17.Qxh5 Nxh5 18.Bd6 Bxd6 19.Rxd6 Ke7 20.e5 Bxg2 21.Kxg2 Rhd8 22.Rxd8 Rxd8
23.Kf3 g6 24.Rd1 Rc8 25.g4  1/2-1/2

[Event "Frankfurt"]
[Site "Frankfurt"]
[Date "1989.??.??"]
[Round "8"]
[White "Reschke, Stefan"]
[Black "Lenz, Juergen"]
[Result "0-1"]
[WhiteElo "2330"]
[BlackElo "2260"]

1.Nf3 d5 2.g3 Nf6 3.Bg2 Bf5 4.c4 e6 5.b3 Be7 6.Bb2 h6 7.O-O a5 8.d3 O-O 9.a3 Nbd7
10.Nbd2 c6 11.Qc2 Bh7 12.Rfb1 Qb6 13.Rf1 Rfe8 14.Ne5 Nxe5 15.Bxe5 Ng4 16.Nf3 Bc5
17.e3 Bxe3 18.fxe3 Qxe3+ 19.Kh1 Nxe5  0-1

[Event "Gausdal Int"]
[Site "Gausdal"]
[Date "1989.??.??"]
[Round "?"]
[White "Meduna, Eduard"]
[Black "Westerinen, Heikki MJ"]
[Result "0-1"]
[WhiteElo "2475"]
[BlackElo "2435"]

1.Nf3 d5 2.g3 c5 3.Bg2 Nf6 4.O-O g6 5.d3 Bg7 6.c3 O-O 7.Nbd2 Nc6 8.e4 dxe4
9.dxe4 b6 10.Re1 h6 11.Qc2 Be6 12.Nf1 Rc8 13.Ne3 Nd4 14.Qa4 Bd7 15.Qd1 Nxf3+
16.Bxf3 Bc6 17.Qc2 Qd7 18.Bg2 Rfd8 19.e5 Ng4 20.Bxc6 Nxe3 21.Bxe3 Qxc6 22.e6 f5
23.h4 Rd6 24.h5 Qe4 25.Qxe4 fxe4 26.hxg6 Rxe6 27.Rad1 Bf8 28.Rd7 a5 29.Rb7 Kg7
30.Bf4 Rd8 31.Re2 Kxg6 32.Bc7 Rd1+ 33.Kg2 Kf5 34.Bxb6 h5 35.Bxc5 h4 36.Be3 Kg4
37.gxh4 Kxh4 38.Rb6 Rdd6 39.Rb5 Rg6+ 40.Kh2 Kg4 41.Bd4 Kf4 42.Re3 Bg7 43.Ba7 Rd1
44.Rh3 Be5 45.Be3+ Kf5+ 46.Rg3 Kf6 47.Bd4 Rh6+ 48.Kg2 Bxd4 49.cxd4 Rhh1 50.f4 Rhg1+
51.Kh3 Rd3 52.Rg5 Rgxg3+ 53.Rxg3 e3  0-1

[Event "Bundesliga 8889"]
[Site "Germany"]
[Date "1989.??.??"]
[Round "?"]
[White "Ruehrig, Volkhard"]
[Black "Federau, Juergen"]
[Result "1-0"]
[WhiteElo "2330"]
[BlackElo "2300"]

1.Nf3 d5 2.g3 c6 3.Bg2 Bg4 4.O-O Nd7 5.b3 e5 6.Bb2 e4 7.Ne1 Ngf6 8.c4 Be7
9.cxd5 cxd5 10.d3 O-O 11.Nc3 Nc5 12.dxe4 dxe4 13.Qb1 Qd2 14.b4 Ne6 15.Nxe4 Nxe4
16.Bxe4 Bxe2 17.Nf3 Bxf3 18.Bxf3 Qxb4 19.Re1 Rad8 20.Re4 Qb6 21.Re2 Bc5 22.Qf5 Bd4
23.Rb1 Qa6 24.Bc1 Bb6 25.Bb2 Bd4 26.Bc1 b6 27.Rb4 Bc5 28.Rh4 g6 29.Qe5 Nd4
30.Bh5 Nxe2+ 31.Bxe2 Qa5 32.Bb2 Qe1+ 33.Kg2 Qxf2+ 34.Kh3 f6 35.Qe6+ Kg7 36.Rf4  1-0

[Event "BL2-S8889"]
[Site "Germany"]
[Date "1989.??.??"]
[Round "?"]
[White "Egger, Thomas"]
[Black "Hoensch, Matthias"]
[Result "0-1"]
[WhiteElo "2255"]
[BlackElo "2345"]

1.Nf3 d5 2.g3 Nf6 3.Bg2 c5 4.O-O Nc6 5.d4 e6 6.c4 Be7 7.cxd5 exd5 8.b3 O-O
9.Bb2 Ne4 10.Nc3 Bf6 11.Na4 Re8 12.Rc1 b6 13.dxc5 Bxb2 14.Nxb2 bxc5 15.Nd2 Qf6
16.Na4 Bg4 17.Nxe4 dxe4 18.Rxc5 Rad8 19.Rd5 Nd4 20.Rxd4 Qxd4 21.Qxd4 Rxd4
22.Nc3 e3 23.fxe3 Rxe3 24.Rc1 Rd2 25.Kf2 Re8 26.Bf3 Bxf3 27.Kxf3 Rc8 28.Ke3 Rd6
29.b4 Rh6 30.Kd2 Rxh2 31.Rf1 Rh6 32.Rf3 Rd6+ 33.Kc2 h5 34.b5 g6 35.a4 f5
36.Kb3 Rd4 37.a5 h4 38.gxh4 Rxh4 39.Rd3 Kf7 40.e4 fxe4 41.Re3 Rb8 42.Kc4 Ke6
43.b6 axb6 44.a6 Ke5 45.Ne2 b5+ 46.Kb4 Rh2 47.Nc3 Rb2+ 48.Kc5 Rc8+ 49.Kb6 Kd4  0-1

[Event "BL2-W8889"]
[Site "Germany"]
[Date "1989.??.??"]
[Round "?"]
[White "Schmittdiel, Eckhard"]
[Black "Seegers, Hendrik"]
[Result "0-1"]
[WhiteElo "2425"]
[BlackElo "2405"]

1.Nf3 d5 2.g3 e6 3.Bg2 c5 4.O-O Nc6 5.b3 Nf6 6.Bb2 Be7 7.d3 O-O 8.Nbd2 Qc7
9.e4 dxe4 10.dxe4 Rd8 11.Qe2 b6 12.e5 Nd7 13.Rad1 Bb7 14.Nc4 Nf8 15.h4 h6
16.Nfd2 Nd4 17.Bxd4 Rxd4 18.c3 Bxg2 19.Kxg2 Rd5 20.Ne4 b5 21.Ncd6 Rxe5 22.f4 Rd5
23.Nxb5 Qc6 24.Kh2 a6 25.Na3 Rad8 26.Qf3 f5 27.Nf2 Rxd1 28.Qxc6 Rxf1 29.Kg2 Ra1
30.Nc4 Rxa2 31.h5 Bf6 32.Qxc5 Bxc3 33.Qe7 Rd7 34.Qe8 Bd4  0-1

[Event "BL2-W8889"]
[Site "Germany"]
[Date "1989.??.??"]
[Round "?"]
[White "Rosen, Bernd"]
[Black "Westerinen, Heikki MJ"]
[Result "0-1"]
[WhiteElo "2305"]
[BlackElo "2400"]

1.Nf3 d5 2.g3 c6 3.Bg2 Bg4 4.O-O Nd7 5.d3 Ngf6 6.Nbd2 e5 7.e4 Bd6 8.h3 Bh5
9.c3 O-O 10.Qc2 Bc7 11.Nb3 Bb6 12.Nh4 dxe4 13.dxe4 Qc7 14.g4 Bg6 15.Bg5 h6
16.Bd2 Bh7 17.Nf5 Bxf5 18.exf5 Rfe8 19.Rae1 Qd6 20.Kh1 Bc7 21.f4 Nd5 22.Rd1 Qe7
23.Bxd5 cxd5 24.fxe5 Bxe5 25.Bf4 Qh4 26.Kg2 Bxf4 27.Rxf4 Re3 28.Rf3 Rxf3
29.Kxf3 Qxh3+  0-1

[Event "BL2-W8889"]
[Site "Germany"]
[Date "1989.??.??"]
[Round "?"]
[White "Rosen, Bernd"]
[Black "Seegers, Hendrik"]
[Result "1-0"]
[WhiteElo "2305"]
[BlackElo "2405"]

1.Nf3 d5 2.g3 c5 3.c4 Nf6 4.cxd5 Nxd5 5.Bg2 Nc6 6.O-O g6 7.d4 Bg7 8.dxc5 O-O
9.a3 a5 10.Qc2 e6 11.Rd1 Bd7 12.e4 Nc7 13.Nc3 Qe7 14.Be3 Rac8 15.Qb3 Rb8
16.Rd2 Rfd8 17.Rad1 h6 18.Qc4 Kh7 19.b4 axb4 20.axb4 Ra8 21.Qb3 Be8 22.h3 Rxd2
23.Rxd2 Ra1+ 24.Kh2 Qf6 25.Nd4 h5 26.Nxc6 Qxc3 27.Qxc3 Bxc3 28.Rd3 Bxc6 29.Rxc3 Rb1
30.Rc4 Bb5 31.Rd4 e5 32.Rd6 Bc6 33.Bd2 Na6 34.Bc3 Nxb4 35.Bxe5 Na6 36.Rd8 g5
37.Rh8+ Kg6 38.Rg8+ Kh6 39.Rh8+ Kg6 40.Rg8+ Kh6 41.f4 gxf4 42.gxf4 Nxc5 43.Rh8+ Kg6
44.f5+ Kg5 45.Rg8+  1-0

[Event "Bundesliga 8889"]
[Site "Germany"]
[Date "1989.??.??"]
[Round "?"]
[White "Baumhus, Reinhard"]
[Black "Neunhoeffer, Helmut"]
[Result "1/2-1/2"]
[WhiteElo "2270"]
[BlackElo "2270"]

1.g3 d5 2.Nf3 Nf6 3.Bg2 c6 4.O-O Bg4 5.d3 Nbd7 6.Nbd2 e6 7.h3 Bh5 8.b3 a5
9.a3 Bc5 10.Bb2 O-O 11.Kh1 Re8 12.e3 e5 13.g4 Bg6 14.Nh4 h6 15.Nxg6 fxg6
16.c4 e4 17.cxd5 cxd5 18.dxe4 dxe4 19.Nxe4 Qe7 20.Nxf6+ Nxf6 21.Qc2 g5 22.b4 Bd6
23.Rad1 axb4 24.axb4 Rac8 25.Qa4 Bb8 26.Qa5 b5 27.Qxb5 Qc7 28.f4 Rxe3 29.Bxf6 gxf6
30.Rd7 Qc3 31.Qd5+ Kh8 32.Qb7 Rxh3+ 33.Bxh3 Qxh3+ 34.Kg1 Ba7+ 35.Qxa7  1/2-1/2

[Event "Bundesliga 8889"]
[Site "Germany"]
[Date "1989.??.??"]
[Round "?"]
[White "Baumhus, Reinhard"]
[Black "Reefschlaeger, Helmut"]
[Result "1/2-1/2"]
[WhiteElo "2270"]
[BlackElo "2380"]

1.g3 d5 2.Nf3 Nf6 3.Bg2 c6 4.O-O Bg4 5.d3 Nbd7 6.Nbd2 e6 7.b3 Bd6 8.h3 Bh5
9.Bb2 Qe7 10.a4 O-O 11.e3 Ne8 12.e4 f5 13.exf5 exf5 14.Qe1 Nc7 15.Qxe7 Bxe7  1/2-1/2

[Event "Bundesliga 8889"]
[Site "Germany"]
[Date "1989.??.??"]
[Round "?"]
[White "Bischoff, Klaus"]
[Black "Gruenenwald, Joerg"]
[Result "1-0"]
[WhiteElo "2510"]
[BlackElo "2345"]

1.g3 d5 2.Nf3 Nf6 3.Bg2 e6 4.O-O c5 5.c4 dxc4 6.Na3 Nc6 7.Nxc4 Be7 8.b3 O-O
9.Bb2 b5 10.Nfe5 Nxe5 11.Bxa8 Nxc4 12.bxc4 bxc4 13.Bf3 Qa5 14.Qc2 Ba6 15.Bc3 Qa3
16.Rab1 Nd5 17.Qb2 Qxb2 18.Rxb2 Nxc3 19.dxc3 Bf6 20.Rc1 Rd8 21.h4 g6 22.Kf1 Kf8
23.Ke1 Ke7 24.Rcc2 Rd7 25.Bc6 Rc7 26.Bb5 Bxb5 27.Rxb5 Kd7 28.Kd2 Kc6 29.Rcb2 Rd7+
30.Kc2 Be5 31.Ra5 f5 32.Rb1 Bf6 33.Ra6+  1-0

[Event "Bundesliga 8889"]
[Site "Germany"]
[Date "1989.??.??"]
[Round "?"]
[White "Fries Nielsen, Jens Ove"]
[Black "Sonntag, Hans Hubert"]
[Result "1-0"]
[WhiteElo "2385"]
[BlackElo "2380"]

1.Nf3 d5 2.g3 Bf5 3.c4 e6 4.cxd5 exd5 5.Nd4 Bc8 6.Bg2 Nf6 7.O-O Be7 8.d3 O-O
9.Nc3 Re8 10.e4 c5 11.Nf5 d4 12.Nxe7+ Qxe7 13.Nd5 Nxd5 14.exd5 Bf5 15.Bf4 Qd7
16.Qb3 b6 17.Qc4 Bh3 18.Rfe1 Bxg2 19.Kxg2 Qc8 20.Re4 Nd7 21.Rae1 Rxe4 22.dxe4 Qb7
23.b4 Rc8 24.Rc1 h6 25.h4 a5 26.bxc5 bxc5 27.Qd3 Qb6 28.Rb1 Qf6 29.Qb5 Qe7
30.f3 c4 31.Qa6 Qe8 32.Rc1 g5 33.hxg5 hxg5 34.Bxg5 Ne5 35.Bf6 Rb8 36.Bxe5 Qxe5
37.Qxc4 Kg7 38.Rc2 Rb4 39.Qd3 f6 40.a3  1-0

[Event "Bundesliga 8889"]
[Site "Germany"]
[Date "1989.??.??"]
[Round "?"]
[White "Garcia Palermo, Carlos"]
[Black "Huebner, Robert"]
[Result "1/2-1/2"]
[WhiteElo "2470"]
[BlackElo "2600"]

1.Nf3 d5 2.g3 Nf6 3.Bg2 c6 4.O-O Bg4 5.b3 e6 6.Bb2 Be7 7.c4 O-O 8.d4 Nbd7
9.Nc3 Qa5 10.a3 Qa6 11.cxd5 cxd5 12.h3 Bxf3 13.Bxf3 Rac8 14.e3 Rc7 15.Be2 Qb6
16.b4 Rfc8 17.Qb3 Ne4 18.Nxe4 dxe4 19.Rac1 Nf6 20.Rxc7 Rxc7 21.Kg2 a6 22.b5 axb5
23.Bxb5 Nd5 24.a4 h5 25.Rc1 f5 26.Rxc7 Nxc7 27.Bc4 Qxb3 28.Bxb3 Bb4 29.f3 Nd5
30.fxe4 fxe4 31.Kf2 Kf7 32.Bc2 Nf6 33.Bc1 g5 34.Ke2 g4 35.hxg4 hxg4 36.Bd2 Bxd2
37.Kxd2 Ke7 38.Bd1 Kd6 39.a5 e5 40.dxe5+ Kxe5 41.Be2 Kd5 42.a6  1/2-1/2

[Event "BL2-SW8889"]
[Site "Germany"]
[Date "1989.??.??"]
[Round "?"]
[White "Schulze, Ulrich"]
[Black "Raupp, Thomas"]
[Result "1/2-1/2"]
[WhiteElo "2345"]
[BlackElo "2345"]

1.Nf3 d5 2.g3 e6 3.Bg2 c5 4.O-O Nc6 5.d4 cxd4 6.Nxd4 Qb6 7.Nb3 Nf6 8.Be3 Qc7
9.c3 Be7 10.Kh1 h5 11.Bf4 e5 12.Bg5 Ng4 13.Bxe7 Nxe7 14.Kg1 h4 15.h3 Nf6
16.g4 Be6 17.e3 e4 18.f4 exf3 19.Qxf3 O-O-O 20.N1d2 Kb8 21.Nd4 Ng6 22.Rfc1  1/2-1/2

[Event "BL2-SW8889"]
[Site "Germany"]
[Date "1989.??.??"]
[Round "?"]
[White "Schulze, Ulrich"]
[Black "Arnold, Lothar"]
[Result "1-0"]
[WhiteElo "2345"]
[BlackElo "2275"]

1.Nf3 d5 2.g3 c5 3.Bg2 e6 4.O-O Nc6 5.d4 cxd4 6.Nxd4 Qb6 7.Nxc6 bxc6 8.c4 Nf6
9.cxd5 cxd5 10.Nc3 Be7 11.e4 O-O 12.exd5 Rd8 13.Be3 Qa6 14.d6 Rxd6 15.Qb3 Nd5
16.Bc5 Rd7 17.Nxd5 exd5 18.Bxe7 Rxe7 19.Bxd5 Bb7 20.Rfe1 Bxd5 21.Qxd5 Qb7
22.Qxb7 Rxb7 23.Re2 Rab8 24.Rc1 g6 25.b3 Rd7 26.Rc5 Kg7 27.g4 Rb4 28.h3 h6
29.Kg2 Kf6 30.Rec2 Rbb7 31.Kg3 Rd3+ 32.f3 Rdd7 33.h4 Kg7 34.h5 gxh5 35.Rxh5 Re7
36.Rc6 f6 37.Rc2 Rb8 38.Ra5 Rb6 39.Rc8 Rd6 40.Rac5 Rdd7 41.Kh4 Kg6 42.Rg8+ Rg7
43.Rxg7+ Rxg7 44.f4 Re7 45.f5+ Kg7 46.Rc6 Rb7 47.Kh5 Rd7 48.b4 Rb7 49.a4  1-0

[Event "BL2-SW8889"]
[Site "Germany"]
[Date "1989.??.??"]
[Round "?"]
[White "Reinhardt, Bernd"]
[Black "Huisl, Wolfgang"]
[Result "0-1"]
[WhiteElo "2260"]
[BlackElo "2335"]

1.Nf3 d5 2.g3 g6 3.Bg2 Bg7 4.O-O Nf6 5.d3 O-O 6.Nbd2 Nc6 7.c4 e5 8.cxd5 Nxd5
9.Ne4 h6 10.Bd2 a5 11.Rc1 Nce7 12.Rc4 b6 13.Qc1 Kh7 14.Nc3 c5 15.Rh4 h5 16.Nxd5 Nxd5
17.Qc4 Bf6 18.Nxe5 Be6 19.Qe4 Bxh4 20.gxh4 Qd6 21.Nf3 f6 22.Qa4 Rae8 23.e3 Bd7
24.Qb3 Nb4 25.Bxb4 axb4 26.d4 Rc8 27.dxc5 bxc5 28.Rd1 Qe7 29.Qc4 Rfe8 30.b3 Bg4
31.Qf4 Rcd8 32.Rc1 Qd6 33.Qxd6 Rxd6 34.h3 Bxf3 35.Bxf3 Rc8 36.Rc2 Rc7 37.Kg2 Kg7
38.Kg3 f5 39.Kf4 Kf6 40.Bg2 Rd1 41.Bf3 Rd8 42.Be2 Rd5 43.Bf3 Rd6 44.Be2 Ra7
45.Bf3 Ra5 46.Be2 Rd7 47.Bf3 Rda7 48.Kg3 Ke6 49.Kf4 Rxa2 50.Rxc5 Rxf2 51.Rc6+ Kf7
52.Rb6 Re7 53.Rxb4 Re4+ 54.Rxe4 fxe4 55.Kxe4 Rh2 56.b4 Rxh3 57.b5 Ke6 58.Kf4 Rxh4+
59.Kg5 Rh3 60.Be4 Rg3+ 61.Kh6 Rxe3 62.Bxg6 h4 63.b6 Kd6  0-1

[Event "BL2-SW8889"]
[Site "Germany"]
[Date "1989.??.??"]
[Round "?"]
[White "Haefner, Thomas"]
[Black "Bosbach, Gerhard"]
[Result "0-1"]
[WhiteElo "2345"]
[BlackElo "2250"]

1.Nf3 d5 2.g3 Nf6 3.Bg2 c6 4.O-O Bf5 5.d3 h6 6.Nbd2 e6 7.Qe1 Be7 8.e4 Bh7
9.e5 Nfd7 10.Qe2 O-O 11.Re1 b5 12.Nf1 b4 13.h4 c5 14.N1h2 Nc6 15.h5 Re8 16.Bh3 Kh8
17.Ng4 Rc8 18.Bf4 Nd4 19.Qd1 Nf5 20.Ngh2 a5 21.g4 Nh4 22.Nxh4 Bxh4 23.Nf3 Be7
24.Qd2 c4 25.Bf1 c3 26.bxc3 Rxc3 27.Be2 f6 28.Bd1 fxe5 29.Nxe5 Nxe5 30.Bxe5 Bf6
31.Qf4 Bxe5 32.Rxe5 Qf6 33.Qg3 Rf8 34.f3 Bg8 35.Kf2 Qd8 36.Kg2 Qf6 37.Kf1 Bf7
38.Qe1 Qf4 39.Qe3 Qg3 40.Ke2 Bg8 41.Kd2 Rfc8 42.Kc1 Rxd3 43.Qxd3 Qxe5 44.Rb1 Rc3
45.Qd2 d4 46.Rb3 Qc5  0-1

[Event "BL2-SW8889"]
[Site "Germany"]
[Date "1989.??.??"]
[Round "?"]
[White "Gutman, Lev"]
[Black "Raupp, Thomas"]
[Result "1-0"]
[WhiteElo "2535"]
[BlackElo "2345"]

1.Nf3 d5 2.g3 e6 3.Bg2 c5 4.O-O Nc6 5.d4 cxd4 6.Nxd4 Qb6 7.Nxc6 bxc6 8.c4 Nf6
9.Nc3 Be7 10.cxd5 cxd5 11.e4 dxe4 12.Nxe4 Nd5 13.Nc3 O-O 14.Nxd5 exd5 15.Bxd5 Bh3
16.Bxa8 Bxf1 17.Be4 Ba6 18.Qb3 Bc5 19.Qxb6 Bxb6 20.Be3 Bxe3 21.fxe3 Rc8 22.Rd1 Bb5
23.Bf5 Re8 24.Kf2 g6 25.Bc2 Rc8 26.Bb3 Kf8 27.Rd4 Rc7 28.Rb4 Be8 29.e4 f6
30.Ke3 Ke7 31.Kd4 Kd6 32.Rb8 Ke7 33.Bc4 Rd7+ 34.Bd5 Rc7 35.b4 h5 36.e5 fxe5+
37.Kxe5 Rc2 38.Rb7+ Bd7 39.Rxa7 Re2+ 40.Be4 Kd8 41.Kd6 Rxe4 42.Rxd7+ Ke8
43.Rb7  1-0

[Event "BL2-SW8889"]
[Site "Germany"]
[Date "1989.??.??"]
[Round "?"]
[White "Gutman, Lev"]
[Black "Brueckner, Thomas"]
[Result "1/2-1/2"]
[WhiteElo "2535"]
[BlackElo "2410"]

1.Nf3 d5 2.g3 Nf6 3.Bg2 e6 4.O-O Be7 5.c4 O-O 6.b3 c5 7.Bb2 Nc6 8.e3 d4 9.exd4 cxd4
10.Re1 Qb6 11.Ne5 Nxe5 12.Rxe5 Bd7 13.d3 Bc6 14.Nd2 Nd7 15.Re2 a5 16.Nf3 Bf6
17.Ba3 Rfe8 18.Qd2 Be7 19.Bxe7 Rxe7 20.Ne1 Nc5 21.Nc2 Na6 22.Rb1 Nb4 23.Ne1 Bxg2
24.Kxg2 Qc6+ 25.Kg1 Qc5 26.a3 Nc6 27.b4 axb4 28.axb4 Qh5 29.Kg2 b5 30.Rb2 Rb7
31.Nf3 Rab8 32.Qf4 bxc4 33.dxc4 Nxb4 34.Nxd4 Qc5 35.Nf3 h6 36.Qe4 Nc6 37.Rxb7 Rxb7
38.Ra2 Rb8 39.Rd2 Rc8 40.Rd7 Nb8 41.Rb7 Qc6 42.Qb1  1/2-1/2

[Event "Bundesliga 8889"]
[Site "Germany"]
[Date "1989.??.??"]
[Round "?"]
[White "Loeffler, Stefan"]
[Black "Pieper Emden, Carsten"]
[Result "1/2-1/2"]
[WhiteElo "2375"]
[BlackElo "2345"]

1.Nf3 d5 2.g3 c6 3.Bg2 Bf5 4.d3 Nf6 5.O-O h6 6.c4 dxc4 7.dxc4 Qxd1 8.Rxd1 Nbd7
9.Bf4 g5 10.Be3 e5 11.h4 Ng4 12.Bd2 gxh4 13.Nxh4 Be6 14.b3 Be7 15.Nf3 O-O-O
16.Bc3 h5 17.Nbd2 f5 18.Bh3 Bf6 19.e3 Rdg8 20.Kg2 h4 21.Bxg4 Rxg4 22.Rh1 Rhg8
23.Rh3 c5 24.Kh2 hxg3+ 25.fxg3 f4 26.exf4 exf4 27.Bxf6 Nxf6 28.Re1 R4g6 29.Rh4 Ng4+
30.Kg1 fxg3 31.Ne4 b6 32.Rh7 Bd7 33.Nh4 Rc6 34.Rd1 Rc7 35.Rd3 Bc6 36.Rxc7+ Kxc7
37.Nxg3 Rh8 38.Ngf5 Re8 39.Kf1 Re4 40.Rd2 Rf4+ 41.Ke1 Ne5 42.Re2 Be4 43.Ng3 Bb1
44.Rxe5 Rxh4 45.Re2 Rh3  1/2-1/2